00434nam a2200109Ia 4500008004100000100002900041245009900070260003300169300001800202650001900220856008500239160712s9999 xx 000 0 und d aMiranda, Mariah Amour C. cMariah Amour C. MirandaaKakaibang Halimuyak: Iba't Ibang Imahe ng Pangangapital sa Balintawak c2015bSocial Science Diliman avol. 11 no. 1 xSOCIAL SCIENCE uhttp://journals.upd.edu.ph/index.php/socialsciencediliman/issue/view/477/showToc